Statistics for Winners of UFC Main Events

Click here to take the quiz!

General Stats

  • This quiz has been taken 154 times
    (139 since last reset)
  • The average score is 53 of 83

Answer Stats

EventWinnerLoser% Correct
UFC 235Jon JonesAnthony Smith
94%
UFC 232Jon JonesAlexander Gustafsson
94%
UFC 247Jon JonesDominick Reyes
94%
UFC 239Jon JonesThiago Santos
94%
UFC 246Conor McGregorDonald Cerrone
93%
UFC 253Israel AdesanyaPaulo Costa
91%
UFC 248Israel AdesanyaYoel Romero
91%
UFC 243Israel AdesanyaRobert Whittaker
91%
UFC 234Israel AdesanyaAnderson Silva
91%
UFC 236Israel AdesanyaKelvin Gastelum
91%
UFC 210Daniel CormierAnthony Johnson
85%
UFC 220Daniel CormierVolkan Oezdemir
85%
UFC 230Daniel CormierDerrick Lewis
85%
UFC 226Daniel CormierStipe Miocic
85%
UFC 218Max HollowayJose Aldo
85%
UFC 212Max HollowayJose Aldo
85%
UFC 231Max HollowayBrian Ortega
85%
UFC 240Max HollowayFrankie Edgar
85%
UFC 257Dustin PoirierConor McGregor
84%
UFC 236Dustin PoirierMax Holloway
84%
UFC 245Kamaru UsmanColby Covington
84%
UFC 261Kamaru UsmanJorge Masvidal
84%
UFC 235Kamaru UsmanTyron Woodley
84%
UFC 258Kamaru UsmanGilbert Burns
84%
UFC 251Kamaru UsmanJorge Masvidal
84%
UFC 241Stipe MiocicDaniel Cormier
84%
UFC 252Stipe MiocicDaniel Cormier
84%
UFC 220Stipe MiocicFrancis Ngannou
84%
UFC 211Stipe MiocicJunior dos Santos
84%
UFC 251Alexander VolkanovskiMax Holloway
82%
UFC 245Alexander VolkanovskiMax Holloway
82%
UFC 260Francis NgannouStipe Miocic
82%
UFC 218Francis NgannouAlistair Overeem
82%
UFC 229Khabib NurmagomedovConor McGregor
80%
UFC 219Khabib NurmagomedovEdson Barboza
80%
UFC 223Khabib NurmagomedovAl Iaquinta
80%
UFC 242Khabib NurmagomedovDustin Poirier
80%
UFC 254Khabib NurmagomedovJustin Gaethje
80%
UFC 249Justin GaethjeTony Ferguson
79%
UFC 213Robert WhittakerYoel Romero
74%
UFC 254Robert WhittakerJared Cannonier
74%
UFC 225Robert WhittakerYoel Romero
74%
UFC 256Charles OliveiraTony Ferguson
70%
UFC 217TJ DillashawCody Garbrandt
69%
UFC 227TJ DillashawCody Garbrandt
69%
UFC 227Henry CejudoDemetrious Johnson
68%
UFC 249Henry CejudoDominick Cruz
68%
UFC 238Henry CejudoMarlon Moraes
68%
UFC 216Tony FergusonKevin Lee
68%
UFC 229Tony FergusonAnthony Pettis
68%
UFC 257Michael ChandlerDan Hooker
64%
UFC 244Jorge MasvidalNate Diaz
63%
UFC 225Colby CovingtonRafael dos Anjos
61%
UFC 228Tyron WoodleyDarren Till
61%
UFC 214Tyron WoodleyDemian Maia
61%
UFC 253Jan BlachowiczDominick Reyes
60%
UFC 259Jan BlachowiczIsrael Adesanya
60%
UFC 241Nate DiazAnthony Pettis
60%
UFC 217Georges St-PierreMichael Bisping
57%
UFC 252Marlon VeraSean O'Malley
57%
UFC 221Yoel RomeroLuke Rockhold
57%
UFC 216Demetrious JohnsonRay Borg
55%
UFC 226Derrick LewisFrancis Ngannou
54%
UFC 250Cody GarbrandtRaphael Assuncao
49%
UFC 255Deiveson FigueiredoAlex Perez
46%
UFC 256Deiveson FigueiredoBrandon Moreno
46%
UFC 244Darren TillKelvin Gastelum
38%
UFC 222Brian OrtegaFrankie Edgar
34%
UFC 243Dan HookerAl Iaquinta
34%
UFC 213Alistair OvereemFabricio Werdum
26%
UFC 237Jared CannonierAnderson Silva
26%
UFC 260Vicente LuqueTyron Woodley
26%
UFC 224Kelvin GastelumRonaldo Souza
22%
UFC 215Rafael dos AnjosNeil Magny
20%
UFC 262Charles OliveiraMichael Chandler
16%
UFC 230Ronaldo SouzaChris Weidman
14%
UFC 233Volkan OezdemirAleksander Rakic
13%
UFC 262Beneil DariushTony Ferguson
10%
UFC 221Curtis BlaydesMark Hunt
10%
UFC 242Paul FelderEdson Barboza
10%
UFC 210Gegard MousasiChris Weidman
7%
UFC 233Chan Sung JungFrankie Edgar
2%
UFC 234Lando VannataMarcos Rosa Mariano
0%

Score Distribution

Percentile by Number Answered

Percent of People with Each Score

Your Score History

You have not taken this quiz since the last reset